Pensamiento, Pandemia y Big Data : El Impacto Sociocultural Del Coronavirus en el Espacio Iberoamericano.

The series presents interdisciplinary studies harnessing humanistic as well as digital tools to offer innovative approaches to literary studies, linguistics, critical theory and philosophy in the 21st-century Ibero-American space. Along three main lines of research - digital corpora, experimental li...

Full description

Bibliographic Details
Main Author: Gallego Cuiñas, Ana.
Other Authors: Pérez Tapias, José Antonio.
Format: eBook
Language:Spanish
Published: Berlin/Boston : Walter de Gruyter GmbH, 2022.
Series:Humanidades Digitales y Big Data en Iberoamérica / Digital Humanities and Big Data in Ibero-America Ser.
Subjects:
Online Access:Click to View
LEADER 02186nam a22003733i 4500
001 EBC7113775
003 MiAaPQ
005 20231204023228.0
006 m o d |
007 cr cnu||||||||
008 231204s2022 xx o ||||0 spa d
020 |a 9783110693928  |q (electronic bk.) 
035 |a (MiAaPQ)EBC7113775 
035 |a (Au-PeEL)EBL7113775 
035 |a (OCoLC)1349351473 
040 |a MiAaPQ  |b eng  |e rda  |e pn  |c MiAaPQ  |d MiAaPQ 
100 1 |a Gallego Cuiñas, Ana. 
245 1 0 |a Pensamiento, Pandemia y Big Data :  |b El Impacto Sociocultural Del Coronavirus en el Espacio Iberoamericano. 
264 1 |a Berlin/Boston :  |b Walter de Gruyter GmbH,  |c 2022. 
264 4 |c {copy}2022. 
300 |a 1 online resource (218 pages) 
336 |a text  |b txt  |2 rdacontent 
337 |a computer  |b c  |2 rdamedia 
338 |a online resource  |b cr  |2 rdacarrier 
490 1 |a Humanidades Digitales y Big Data en Iberoamérica / Digital Humanities and Big Data in Ibero-America Ser. ;  |v v.1 
520 |a The series presents interdisciplinary studies harnessing humanistic as well as digital tools to offer innovative approaches to literary studies, linguistics, critical theory and philosophy in the 21st-century Ibero-American space. Along three main lines of research - digital corpora, experimental linguistics, and the relation between literature, critique and big data - it transcends dataism to open new perspectives within Digital Humanities. 
588 |a Description based on publisher supplied metadata and other sources. 
590 |a Electronic reproduction. Ann Arbor, Michigan : ProQuest Ebook Central, 2023. Available via World Wide Web. Access may be limited to ProQuest Ebook Central affiliated libraries.  
655 4 |a Electronic books. 
700 1 |a Pérez Tapias, José Antonio. 
776 0 8 |i Print version:  |a Gallego Cuiñas, Ana  |t Pensamiento, Pandemia y Big Data  |d Berlin/Boston : Walter de Gruyter GmbH,c2022 
797 2 |a ProQuest (Firm) 
830 0 |a Humanidades Digitales y Big Data en Iberoamérica / Digital Humanities and Big Data in Ibero-America Ser. 
856 4 0 |u https://ebookcentral.proquest.com/lib/matrademy/detail.action?docID=7113775  |z Click to View